NONLINEAR URBANISM (Record no. 13951)

000 -LEADER
fixed length control field 00276nam a2200121Ia 4500
008 - FIXED-LENGTH DATA ELEMENTS--GENERAL INFORMATION
fixed length control field 260210s9999 xx 000 0 und d
020 ## - INTERNATIONAL STANDARD BOOK NUMBER
International Standard Book Number 9783035624397
100 ## - MAIN ENTRY--PERSONAL NAME
Personal name ANTON FOLKIES
245 #0 - TITLE STATEMENT
Title NONLINEAR URBANISM
260 ## - PUBLICATION, DISTRIBUTION, ETC.
Name of publisher, distributor, etc. BIRKAHUSER 2021
260 ## - PUBLICATION, DISTRIBUTION, ETC.
Date of publication, distribution, etc. 2021
942 ## - ADDED ENTRY ELEMENTS (KOHA)
Koha item type R&D Books
Holdings
Withdrawn status Lost status Source of classification or shelving scheme Damaged status Not for loan Permanent Location Current Location Shelving location Date acquired Full call number Barcode Date last seen Price effective from Koha item type
          BMS College of Architecture, Design and Planning BMS College of Architecture, Design and Planning General Stacks 2025-12-16 724.6 AR-RD277 2026-02-10 2026-02-10 R&D Books
Copyright © 2025, The Librarian, Library and Information Centre, BMSCA D&P, Bengaluru. All Rights Reserved
web counter

Powered by Koha